[Event "42. Torneo Capablanca In Memoriam-Open"]
[Site "La Habana CUB"]
[Date "2007.05.24"]
[Round "6.19"]
[White "Cordova, Emilio"]
[Black "Needleman, Alejandro"]
[Result "1-0"]
[WhiteElo "2507"]
[BlackElo "2357"]
[PlyCount "131"]
[EventDate "2007.05.18"]
[EventType "swiss"]
[EventRounds "9"]
[EventCountry "CUB"]
[Source "lmi"]
[SourceDate "2007.05.18"]

1. d4 c5 2. d5 e5 3. e4 d6 4. Nc3 Be7 5. a4 Nf6 6. Bb5+ Nbd7 7. Nge2 O-O 8. Ng3
Ne8 9. h4 g6 10. Bh6 Ng7 11. Qd2 Nf6 12. f3 Nfh5 13. Nxh5 Nxh5 14. Qf2 Ng7 15.
g4 a6 16. Be2 Bd7 17. Nd1 Qa5+ 18. Bd2 Qc7 19. h5 g5 20. h6 Ne8 21. Ne3 Kh8 22.
Nc4 b6 23. b4 f6 24. O-O Bxa4 25. bxc5 dxc5 26. Rxa4 b5 27. d6 Nxd6 28. Ba5 Qc6
29. Nxd6 Bxd6 30. Raa1 c4 31. Bb6 Rfb8 32. Be3 a5 33. Rfd1 b4 34. Bxc4 Qxc4 35.
Rxd6 a4 36. Qd2 b3 37. cxb3 Qxb3 38. Rd3 Qc4 39. Rc3 Qf7 40. Qd6 Qf8 41. Qxf8+
Rxf8 42. Rca3 Kg8 43. Rxa4 Rxa4 44. Rxa4 Kf7 45. Ra6 Rc8 46. Kf2 Rc2+ 47. Kg3
Kg6 48. Rd6 Kf7 49. Rd7+ Kg6 50. Rg7+ Kxh6 51. Rg8 Rc6 52. Bd2 Rb6 53. Ba5 Rb7
54. Bd8 Rb8 55. Kf2 Rb2+ 56. Ke3 Rb3+ 57. Kd2 Rb7 58. Kc3 Rd7 59. Kc4 Rd4+ 60.
Kc5 Rd7 61. Kc6 Ra7 62. Kd5 Rb7 63. Ke6 Rb8 64. Rf8 Kg7 65. Rf7+ Kg8 66. Rd7
1-0

[Event "42. Torneo Capablanca In Memoriam-Open"]
[Site "La Habana CUB"]
[Date "2007.05.24"]
[Round "6.20"]
[White "Alonso Moyano, Jonathan"]
[Black "Vera Gonzalez-Quevedo, Reynaldo"]
[Result "1/2-1/2"]
[WhiteElo "2365"]
[BlackElo "2481"]
[PlyCount "26"]
[EventDate "2007.05.18"]
[EventType "swiss"]
[EventRounds "9"]
[EventCountry "CUB"]
[Source "lmi"]
[SourceDate "2007.05.18"]

1. e4 c5 2. Nf3 d6 3. d4 cxd4 4. Nxd4 Nf6 5. Nc3 e6 6. Be2 Be7 7. O-O O-O 8.
Be3 Nc6 9. f4 e5 10. Nb3 a5 11. a4 Nb4 12. Bf3 Be6 13. Rf2 exf4 1/2-1/2

[Event "42. Torneo Capablanca In Memoriam-Open"]
[Site "La Habana CUB"]
[Date "2007.05.24"]
[Round "6.21"]
[White "Fernandez Garcia, Jose Luis"]
[Black "Arribas Robaina, Maritza"]
[Result "1/2-1/2"]
[WhiteElo "2467"]
[BlackElo "2335"]
[PlyCount "116"]
[EventDate "2007.05.18"]
[EventType "swiss"]
[EventRounds "9"]
[EventCountry "CUB"]
[Source "lmi"]
[SourceDate "2007.05.18"]

1. e4 e6 2. d4 d5 3. Nc3 Bb4 4. e5 Ne7 5. Nf3 c5 6. dxc5 Bxc3+ 7. bxc3 Qa5 8.
Qd2 Nd7 9. c4 Qxd2+ 10. Nxd2 Nxe5 11. cxd5 exd5 12. Bb2 f6 13. c4 Nxc4 14. Nxc4
dxc4 15. Bxc4 Bd7 16. O-O-O O-O-O 17. Rd3 Rhe8 18. Rg3 Nf5 19. Ra3 a6 20. Rd1
Bc6 21. Rad3 Rxd3 22. Bxd3 Nh4 23. g3 Nf3 24. Bxh7 Re2 25. Bf5+ Kc7 26. Bc3 b5
27. cxb6+ Kxb6 28. Bd2 Nxh2 29. Bd3 Re8 30. Be3+ Kb7 31. Rd2 Ng4 32. Rb2+ Ka8
33. Bb6 Bb7 34. Be2 Ne5 35. Rc2 Re6 36. Be3 Kb8 37. Rc5 Be4 38. Rc3 Kb7 39. a4
Rd6 40. Rb3+ Kc7 41. Rc3+ Kb7 42. Bf4 Nd3+ 43. Bxd3 Rxd3 44. Rc7+ Kb6 45. Rxg7
Ka5 46. Ra7 Rc3+ 47. Kb2 Rc6 48. Kb3 Bd5+ 49. Ka3 Rc3+ 50. Kb2 Rb3+ 51. Kc2 Rb7
52. Bd2+ Kb6 53. Rxb7+ Bxb7 54. Kd3 f5 55. Kd4 Kc6 56. Ke5 Bc8 57. a5 Bd7 58.
Kf6 Bc8 1/2-1/2

[Event "42. Torneo Capablanca In Memoriam-Open"]
[Site "La Habana CUB"]
[Date "2007.05.24"]
[Round "6.22"]
[White "Diaz Diaz, Joaquin Carlos"]
[Black "Rasmussen, Karsten"]
[Result "0-1"]
[WhiteElo "2323"]
[BlackElo "2462"]
[PlyCount "96"]
[EventDate "2007.05.18"]
[EventType "swiss"]
[EventRounds "9"]
[EventCountry "CUB"]
[Source "lmi"]
[SourceDate "2007.05.18"]

1. e4 c6 2. d4 d5 3. Nc3 dxe4 4. Nxe4 Bf5 5. Ng3 Bg6 6. h4 h6 7. Nf3 Nd7 8. h5
Bh7 9. Bd3 Bxd3 10. Qxd3 e6 11. Bf4 Qa5+ 12. Bd2 Bb4 13. c3 Be7 14. c4 Qc7 15.
O-O-O Ngf6 16. Qe2 O-O 17. Ne5 c5 18. Nxd7 Qxd7 19. Bc3 cxd4 20. Bxd4 Qc6 21.
Kb1 Rfd8 22. f3 Rac8 23. b3 a6 24. Ne4 Nxe4 25. Qxe4 Qxe4+ 26. fxe4 Kf8 27. Bb6
Rxd1+ 28. Rxd1 Bc5 29. Rd8+ Rxd8 30. Bxd8 g6 31. g4 f5 32. exf5 exf5 33. gxf5
gxh5 34. Kc2 Ke8 35. Bh4 Be7 36. f6 Ba3 37. Kd3 Kf7 38. Ke4 Ke6 39. Bf2 Kxf6
40. Be3 h4 41. Bxh6 Bd6 42. Be3 h3 43. Kf3 h2 44. Kg2 Kf5 45. Bb6 Ke6 46. c5
Be5 47. a4 Bc3 48. Kxh2 Kd5 0-1

[Event "42. Torneo Capablanca In Memoriam-Open"]
[Site "La Habana CUB"]
[Date "2007.05.24"]
[Round "6.23"]
[White "Perez Rodriguez, Luis Manuel"]
[Black "Morales, Pedro"]
[Result "1/2-1/2"]
[WhiteElo "2455"]
[BlackElo "2340"]
[PlyCount "21"]
[EventDate "2007.05.18"]
[EventType "swiss"]
[EventRounds "9"]
[EventCountry "CUB"]
[Source "lmi"]
[SourceDate "2007.05.18"]

1. d4 Nf6 2. c4 g6 3. Nc3 Bg7 4. e4 d6 5. f3 O-O 6. Be3 Nbd7 7. Qd2 c5 8. Nge2
a6 9. h4 h5 10. O-O-O Qa5 11. g4 1/2-1/2

[Event "42. Torneo Capablanca In Memoriam-Open"]
[Site "La Habana CUB"]
[Date "2007.05.24"]
[Round "6.24"]
[White "Barrientos, Sergio"]
[Black "Ibarra Chami, Luis"]
[Result "1/2-1/2"]
[WhiteElo "2428"]
[BlackElo "2325"]
[PlyCount "38"]
[EventDate "2007.05.18"]
[EventType "swiss"]
[EventRounds "9"]
[EventCountry "CUB"]
[Source "lmi"]
[SourceDate "2007.05.18"]

1. e4 e6 2. d4 d5 3. Nc3 Nf6 4. e5 Ne4 5. Nxe4 dxe4 6. Be3 c5 7. dxc5 Nd7 8. c3
Qc7 9. Qa4 Bxc5 10. Qxe4 Bxe3 11. Qxe3 Qxe5 12. Qxe5 Nxe5 13. f4 Ng6 14. g3 Bd7
15. Bg2 O-O-O 16. Ne2 e5 17. fxe5 Nxe5 18. O-O Bc6 19. Bxc6 bxc6 1/2-1/2

[Event "42. Torneo Capablanca In Memoriam-Open"]
[Site "La Habana CUB"]
[Date "2007.05.24"]
[Round "6.25"]
[White "Duarte, Leonardo"]
[Black "Hevia, Alejano Carlos A"]
[Result "1/2-1/2"]
[WhiteElo "2420"]
[BlackElo "2315"]
[PlyCount "124"]
[EventDate "2007.05.18"]
[EventType "swiss"]
[EventRounds "9"]
[EventCountry "CUB"]
[Source "lmi"]
[SourceDate "2007.05.18"]

1. e4 c5 2. Nf3 d6 3. d4 cxd4 4. Nxd4 Nf6 5. Nc3 a6 6. g3 e5 7. Nb3 Be7 8. Bg2
O-O 9. a4 Be6 10. O-O Nbd7 11. Re1 h6 12. Nd2 Rb8 13. a5 Qc8 14. Nf1 b5 15.
axb6 Nxb6 16. Ne3 Rd8 17. Qd3 Ra8 18. b3 Nfd7 19. Ncd5 Nxd5 20. Nxd5 Bxd5 21.
exd5 Qb7 22. Bd2 Bf6 23. Ra2 Re8 24. b4 Rec8 25. c4 Rab8 26. Rc1 Bg5 27. f4
exf4 28. gxf4 Bf6 29. Kh1 Qb6 30. Rac2 Rc7 31. Be4 Rbc8 32. Rg1 Qd4 33. Be3
Qxd3 34. Bxd3 Rd8 35. Bf2 Rb8 36. Be1 Bd4 37. Rg3 Nb6 38. Rgg2 Rbc8 39. c5 dxc5
40. Bxa6 Re8 41. Bf2 Bxf2 42. Rgxf2 Nxd5 43. Rxc5 Rxc5 44. bxc5 Re1+ 45. Rf1
Rxf1+ 46. Bxf1 Nxf4 47. Bc4 Kf8 48. c6 Ke7 49. c7 Kd7 50. Bxf7 Kxc7 51. Kg1 Kd6
52. Kf2 Ke5 53. Kg3 Kf5 54. Be8 Kg5 55. Bf7 Nh5+ 56. Kh3 Nf4+ 57. Kg3 Ne2+ 58.
Kf3 Nd4+ 59. Kg3 Nf5+ 60. Kf3 Nd6 61. Be6 Nf5 62. Bd7 h5 1/2-1/2

[Event "42. Torneo Capablanca In Memoriam-Open"]
[Site "La Habana CUB"]
[Date "2007.05.24"]
[Round "6.26"]
[White "Sariego, Wilfredo"]
[Black "Martinez, Lelys"]
[Result "0-1"]
[WhiteElo "2328"]
[BlackElo "2400"]
[PlyCount "92"]
[EventDate "2007.05.18"]
[EventType "swiss"]
[EventRounds "9"]
[EventCountry "CUB"]
[Source "lmi"]
[SourceDate "2007.05.18"]

1. e4 c5 2. d4 cxd4 3. c3 d3 4. Bxd3 Nc6 5. Nf3 g6 6. h4 Nf6 7. e5 Ng4 8. h5
Bg7 9. Qa4 Ngxe5 10. Nxe5 Nxe5 11. Bc2 Qb6 12. Na3 Qc6 13. hxg6 fxg6 14. Be3
Qxa4 15. Bxa4 a6 16. O-O-O b5 17. Bc2 Rb8 18. Rd4 Bf6 19. Bf4 Rb6 20. Bxe5 Bxe5
21. Rdh4 h6 22. c4 Bb7 23. cxb5 axb5 24. f3 g5 25. Rg4 Ba6 26. Kb1 Bd6 27. Rd4
Be5 28. Rd5 d6 29. Nxb5 Bb7 30. Rd3 Rxb5 31. Ba4 Bc6 32. Bxb5 Bxb5 33. Rb3 Bc4
34. Rb8+ Kd7 35. Rxh8 Bxh8 36. Rxh6 Be5 37. Rh1 Bd3+ 38. Kc1 Bf4+ 39. Kd1 d5
40. Rh5 Bg6 41. Rh1 d4 42. Ke2 Bc2 43. Kf2 d3 44. g3 Be5 45. Ke3 Bxg3 46. Kd2
Bf4+ 0-1

[Event "42. Torneo Capablanca In Memoriam-Open"]
[Site "La Habana CUB"]
[Date "2007.05.24"]
[Round "6.27"]
[White "Jimenez, Pedro A"]
[Black "Gonzalez Vidal, Yuri"]
[Result "0-1"]
[WhiteElo "2292"]
[BlackElo "2493"]
[PlyCount "118"]
[EventDate "2007.05.18"]
[EventType "swiss"]
[EventRounds "9"]
[EventCountry "CUB"]
[Source "lmi"]
[SourceDate "2007.05.18"]

1. e4 c6 2. d4 d5 3. Nc3 dxe4 4. Nxe4 Bf5 5. Ng3 Bg6 6. Nf3 Nd7 7. h4 h6 8. h5
Bh7 9. Bd3 Bxd3 10. Qxd3 e6 11. Bf4 Ngf6 12. O-O-O Be7 13. Kb1 O-O 14. Ne4 Qa5
15. Nxf6+ Nxf6 16. Ne5 c5 17. Qe2 cxd4 18. Rxd4 Rad8 19. Rxd8 Rxd8 20. Nd3 Qd5
21. f3 Nxh5 22. Bc7 Rc8 23. Be5 Nf6 24. Qf2 Nd7 25. Bd4 a6 26. Nf4 Qg5 27. Nh5
Bc5 28. g4 e5 29. Bxc5 Nxc5 30. a3 Ne6 31. Rd1 Nd4 32. f4 Qg6 33. f5 Qc6 34. c3
Qe4+ 35. Ka2 Qd5+ 36. Kb1 Qe4+ 37. Ka2 Nb5 38. Qd2 Qxg4 39. Rh1 Qg5 40. Qf2 Rd8
41. Qh2 Nxc3+ 42. Kb3 Nd1 43. Qxe5 Qe3+ 44. Qxe3 Nxe3 45. Ng3 Rd3+ 46. Ka2 Rd1
47. Rh3 f6 48. Ne4 Nxf5 49. Nc5 Nd6 50. b4 Kf7 51. a4 f5 52. Rc3 Ne4 53. Rf3
Nxc5 54. Rxf5+ Ke6 55. Rxc5 Rd7 56. Kb3 g5 57. Kc4 Kf6 58. Rc8 g4 59. Rh8 Kg6
0-1

[Event "42. Torneo Capablanca In Memoriam-Open"]
[Site "La Habana CUB"]
[Date "2007.05.24"]
[Round "6.28"]
[White "Zambrana, Oswaldo"]
[Black "Linares Napoles, Oleiny"]
[Result "1-0"]
[WhiteElo "2495"]
[BlackElo "2241"]
[PlyCount "27"]
[EventDate "2007.05.18"]
[EventType "swiss"]
[EventRounds "9"]
[EventCountry "CUB"]
[Source "lmi"]
[SourceDate "2007.05.18"]

1. e4 e5 2. Nf3 d6 3. d4 Nf6 4. dxe5 Nxe4 5. Qd5 Nc5 6. Bg5 Be6 7. Bxd8 Bxd5 8.
Bxc7 dxe5 9. Nxe5 Nba6 10. Ba5 Bd6 11. Nc4 Be7 12. Ne3 Bc6 13. b4 Bf6 14. c3
1-0

[Event "42. Torneo Capablanca In Memoriam-Open"]
[Site "La Habana CUB"]
[Date "2007.05.24"]
[Round "6.30"]
[White "Hernandez, Ramon"]
[Black "Soto Paez, Oliver"]
[Result "1/2-1/2"]
[WhiteElo "2252"]
[BlackElo "2350"]
[PlyCount "131"]
[EventDate "2007.05.18"]
[EventType "swiss"]
[EventRounds "9"]
[EventCountry "CUB"]
[Source "lmi"]
[SourceDate "2007.05.18"]

1. e4 c5 2. Nf3 e6 3. d4 cxd4 4. Nxd4 a6 5. Bd3 Bc5 6. Nb3 Ba7 7. Qe2 d6 8. Be3
Nc6 9. c4 Nge7 10. Nc3 O-O 11. O-O e5 12. Rfd1 Be6 13. Bxa7 Rxa7 14. Qe3 Ra8
15. Bf1 Nb4 16. Qd2 Nc8 17. Nd5 Nc6 18. Rac1 b6 19. a4 a5 20. Qe3 Ra7 21. Nc3
Rd7 22. Rd2 g6 23. Rcd1 f5 24. Nb5 f4 25. Qc3 Kh8 26. Na1 g5 27. Nc2 Rf6 28. b4
g4 29. bxa5 Nxa5 30. g3 Nb7 31. Bg2 f3 32. Bf1 Nc5 33. Qe3 Nxa4 34. Nb4 Nc5 35.
Ra2 Rf8 36. Ra8 Qf6 37. Rda1 Ne7 38. Nc3 Rdd8 39. R8a7 Rf7 40. Rb1 Rg7 41. Ra2
Qg6 42. Nbd5 Bxd5 43. cxd5 Nc8 44. Ra8 Rdg8 45. Rb4 h5 46. Na4 Nxa4 47. Rbxa4
h4 48. Rc4 Ne7 49. Rxg8+ Nxg8 50. Qxb6 Qh6 51. gxh4 Rh7 52. Rc7 Qg6 53. Rxh7+
Kxh7 54. h5 Qf6 55. Qc7+ Qe7 56. Qxe7+ Nxe7 57. h3 Ng8 58. hxg4 Nf6 59. Kh2
Nxg4+ 60. Kg3 Nf6 61. Kxf3 Nxh5 62. Kg4 Kg6 63. f3 Nf4 64. Kh4 Kf6 65. Kg4 Kg6
66. Kh4 1/2-1/2

[Event "42. Torneo Capablanca In Memoriam-Open"]
[Site "La Habana CUB"]
[Date "2007.05.24"]
[Round "6.31"]
[White "Naranjo, Sebastian"]
[Black "Gomez, Felix"]
[Result "0-1"]
[WhiteElo "2039"]
[BlackElo "2329"]
[PlyCount "102"]
[EventDate "2007.05.18"]
[EventType "swiss"]
[EventRounds "9"]
[EventCountry "CUB"]
[Source "lmi"]
[SourceDate "2007.05.18"]

1. e4 e5 2. Nf3 Nc6 3. d4 exd4 4. Nxd4 Bc5 5. Nb3 Bb6 6. Nc3 d6 7. a4 a6 8. Qf3
Ne5 9. Qf4 Nf6 10. Be2 O-O 11. O-O Be6 12. Qg3 Kh8 13. Be3 Bxe3 14. Qxe3 Bxb3
15. cxb3 Re8 16. Rad1 Nc6 17. Bc4 Qd7 18. Rfe1 Rad8 19. f4 Re7 20. Qf3 Rde8 21.
Re2 Qc8 22. h3 Qb8 23. Kh2 Qa7 24. Qd3 Qc5 25. g4 h6 26. Kg3 Nb4 27. Qf3 c6 28.
Rde1 b5 29. Bd3 Nxd3 30. Qxd3 b4 31. Nd1 d5 32. e5 Ne4+ 33. Kg2 g5 34. Nf2 gxf4
35. Rc2 f3+ 36. Kxf3 Nxf2 37. Qf5 Qb6 38. Qf6+ Kg8 39. Rxf2 Re6 40. Qf4 c5 41.
Rg2 d4 42. g5 Qc6+ 43. Kf2 h5 44. Kg1 Qd5 45. Rf1 Rg6 46. Qf5 Rxe5 47. Qc8+ Kg7
48. h4 d3 49. Qc7 Re2 50. Rg3 Qd4+ 51. Kh1 Qxh4+ 0-1

[Event "42. Torneo Capablanca In Memoriam-Open"]
[Site "La Habana CUB"]
[Date "2007.05.24"]
[Round "6.32"]
[White "Vigoa Apecheche, Yanira"]
[Black "Piña Vega, Sulennis"]
[Result "1/2-1/2"]
[WhiteElo "2217"]
[BlackElo "2322"]
[PlyCount "28"]
[EventDate "2007.05.18"]
[EventType "swiss"]
[EventRounds "9"]
[EventCountry "CUB"]
[Source "lmi"]
[SourceDate "2007.05.18"]

1. e4 c5 2. Nf3 d6 3. c3 Nf6 4. Be2 Bg4 5. O-O e6 6. d3 Nc6 7. h3 Bh5 8. Bg5
Be7 9. Nbd2 h6 10. Bf4 O-O 11. a3 a6 12. Re1 d5 13. Ne5 Bxe2 14. Qxe2 Nxe5
1/2-1/2

[Event "42. Torneo Capablanca In Memoriam-Open"]
[Site "La Habana CUB"]
[Date "2007.05.24"]
[Round "6.33"]
[White "Ramon Pita, Vivian"]
[Black "Guillen Ramirez, Jose Antonio"]
[Result "1-0"]
[WhiteElo "2259"]
[BlackElo "2246"]
[PlyCount "87"]
[EventDate "2007.05.18"]
[EventType "swiss"]
[EventRounds "9"]
[EventCountry "CUB"]
[Source "lmi"]
[SourceDate "2007.05.18"]

1. Nf3 Nf6 2. d4 g6 3. c4 Bg7 4. Nc3 O-O 5. e4 d6 6. h3 c6 7. Bg5 Qc7 8. Qd2
Nbd7 9. Bd3 e5 10. d5 a6 11. Rc1 c5 12. g4 b5 13. cxb5 axb5 14. Bxb5 Ba6 15.
Bxa6 Rxa6 16. Qe2 Qb7 17. O-O h6 18. Be3 Nh7 19. Nd2 Nb6 20. b3 Rfa8 21. a4 Nc8
22. Nb5 Nf6 23. f3 Ne8 24. Rb1 Nc7 25. Nxc7 Qxc7 26. Rfc1 Qd8 27. Nc4 Nb6 28.
Bd2 Bf8 29. a5 Nd7 30. Kg2 R6a7 31. Rh1 Kh7 32. h4 Rb8 33. h5 g5 34. Bc3 Kg8
35. Rb2 Kh7 36. Rhb1 Qf6 37. Ra2 Ra6 38. b4 cxb4 39. Rxb4 Rc8 40. Bd2 Ra7 41.
Be3 Nc5 42. Bxc5 Rxc5 43. a6 Rcc7 44. Na5 1-0

[Event "42. Torneo Capablanca In Memoriam-Open"]
[Site "La Habana CUB"]
[Date "2007.05.24"]
[Round "6.34"]
[White "Fleitas Marti, Yuleikis"]
[Black "Ordaz Valdes, Lisandra"]
[Result "1/2-1/2"]
[WhiteElo "2165"]
[BlackElo "2222"]
[PlyCount "37"]
[EventDate "2007.05.18"]
[EventType "swiss"]
[EventRounds "9"]
[EventCountry "CUB"]
[Source "lmi"]
[SourceDate "2007.05.18"]

1. e4 e5 2. Nf3 Nf6 3. d4 Nxe4 4. Bd3 d5 5. Nxe5 Nd7 6. Nxd7 Bxd7 7. O-O Bd6 8.
c4 c6 9. cxd5 cxd5 10. Nc3 Nxc3 11. bxc3 O-O 12. Qh5 f5 13. Qf3 Kh8 14. Bf4 Qc7
15. Bxd6 Qxd6 16. Rab1 Rac8 17. Bb5 Rfe8 18. Bxd7 Qxd7 19. Qd3 1/2-1/2

[Event "42. Torneo Capablanca In Memoriam-Open"]
[Site "La Habana CUB"]
[Date "2007.05.24"]
[Round "6.35"]
[White "Altamirano Gonzalez, Yehudi"]
[Black "Marrero Lopez, Yaniet"]
[Result "0-1"]
[WhiteElo "2138"]
[BlackElo "2290"]
[PlyCount "80"]
[EventDate "2007.05.18"]
[EventType "swiss"]
[EventRounds "9"]
[EventCountry "CUB"]
[Source "lmi"]
[SourceDate "2007.05.18"]

1. e4 e5 2. Nf3 Nc6 3. Bb5 a6 4. Ba4 Nf6 5. O-O b5 6. Bb3 Be7 7. Re1 d6 8. c3
O-O 9. h3 Na5 10. Bc2 c5 11. d3 Nc6 12. Nbd2 Qc7 13. Nf1 d5 14. Ng3 Rd8 15. Qe2
d4 16. Nf5 h6 17. g4 dxc3 18. bxc3 b4 19. Bd2 bxc3 20. Bxc3 Nd4 21. Bxd4 cxd4
22. Bb3 Bb4 23. Rac1 Bc3 24. g5 Nh5 25. N3h4 Nf4 26. Qg4 h5 27. Qf3 g6 28. Nh6+
Kg7 29. N4f5+ gxf5 30. exf5 Bb7 31. Qg3 Bd5 32. Bxd5 Rxd5 33. Kh2 Rc5 34. f6+
Kg6 35. Rg1 e4 36. dxe4 Ne2 37. Qxc7 Rxc7 38. Rcf1 Nxg1 39. Rxg1 Bd2 40. Nf5
Bf4+ 0-1

[Event "42. Torneo Capablanca In Memoriam-Open"]
[Site "La Habana CUB"]
[Date "2007.05.24"]
[Round "6.36"]
[White "Miranda, Yerisbel"]
[Black "Lebredo Zaragoitia, Gerardo"]
[Result "1/2-1/2"]
[WhiteElo "2102"]
[BlackElo "2256"]
[PlyCount "31"]
[EventDate "2007.05.18"]
[EventType "swiss"]
[EventRounds "9"]
[EventCountry "CUB"]
[Source "lmi"]
[SourceDate "2007.05.18"]

1. d4 Nf6 2. c4 e6 3. Nc3 Bb4 4. e3 O-O 5. Nge2 d5 6. a3 Be7 7. Ng3 Re8 8. Bd3
Nbd7 9. O-O c5 10. cxd5 exd5 11. dxc5 Bxc5 12. b4 Bd6 13. Bb2 Be5 14. Qd2 Nb6
15. Nb5 Bd7 16. Bxe5 1/2-1/2

[Event "42. Torneo Capablanca In Memoriam-Open"]
[Site "La Habana CUB"]
[Date "2007.05.24"]
[Round "6.37"]
[White "Quezada Perez, Yasser"]
[Black "Valdes, Alejandro"]
[Result "1-0"]
[WhiteElo "2155"]
[BlackElo "2121"]
[PlyCount "105"]
[EventDate "2007.05.18"]
[EventType "swiss"]
[EventRounds "9"]
[EventCountry "CUB"]
[Source "lmi"]
[SourceDate "2007.05.18"]

1. e4 e6 2. d4 d5 3. Nd2 Nf6 4. e5 Nfd7 5. Bd3 c5 6. c3 Nc6 7. Ne2 cxd4 8. cxd4
f6 9. exf6 Nxf6 10. Nf3 Bb4+ 11. Bd2 Bd6 12. O-O O-O 13. Bf4 Bxf4 14. Nxf4 Qd6
15. g3 e5 16. dxe5 Nxe5 17. Nxe5 Qxe5 18. Qb3 Kh8 19. Qb4 Bd7 20. Rfe1 Qb8 21.
Re7 b6 22. Rae1 a5 23. Qd4 Qd6 24. Bxh7 Kxh7 25. Qd3+ Kh8 26. Ng6+ Kg8 27. R7e5
Rfe8 28. Ne7+ Rxe7 29. Rxe7 Re8 30. Rxe8+ Bxe8 31. h4 Qb4 32. Re5 Qxb2 33. Rg5
Qc1+ 34. Kg2 Qc4 35. Qa3 Bb5 36. Qe7 Qe4+ 37. Qxe4 Nxe4 38. Rxd5 Bc6 39. Rd8+
Kf7 40. f3 Nc5 41. Rd6 Bd7 42. Rxb6 a4 43. g4 Be6 44. a3 Nd3 45. Rb7+ Kg8 46.
Kg3 Bb3 47. f4 Nb2 48. f5 Nc4 49. g5 Nxa3 50. g6 Kf8 51. h5 Bc2 52. Rb8+ Ke7
53. h6 1-0

[Event "42. Torneo Capablanca In Memoriam-Open"]
[Site "La Habana CUB"]
[Date "2007.05.24"]
[Round "6.38"]
[White "Llaudy Pupo, Lisandra"]
[Black "Beltre, Pedro"]
[Result "1-0"]
[WhiteElo "2245"]
[BlackElo "1966"]
[PlyCount "61"]
[EventDate "2007.05.18"]
[EventType "swiss"]
[EventRounds "9"]
[EventCountry "CUB"]
[Source "lmi"]
[SourceDate "2007.05.18"]

1. e4 c5 2. Nf3 d6 3. d4 cxd4 4. Nxd4 Nf6 5. Nc3 a6 6. h3 b5 7. Nd5 e6 8. Nxf6+
Qxf6 9. c4 Qe5 10. Be2 bxc4 11. Qa4+ Bd7 12. Qxc4 Qxe4 13. O-O d5 14. Bd3 Qxg2+
15. Kxg2 dxc4 16. Be4 Ra7 17. Bf4 Bc5 18. Bxb8 Bxd4 19. Bxa7 Bxa7 20. Rfc1 Ke7
21. Rxc4 Rb8 22. Rd1 Bb6 23. Bc6 Bc8 24. Rb4 a5 25. Rb3 g6 26. Rd4 h5 27. Ra4
Kd6 28. Bf3 Kc7 29. Rc4+ Kd7 30. Rc6 Bc7 31. Rd3+ 1-0

[Event "42. Torneo Capablanca In Memoriam-Open"]
[Site "La Habana CUB"]
[Date "2007.05.24"]
[Round "6.39"]
[White "Diaz Hernandez, Heriberto"]
[Black "Siebrecht, Sebastian"]
[Result "0-1"]
[WhiteElo "2167"]
[BlackElo "2464"]
[PlyCount "48"]
[EventDate "2007.05.18"]
[EventType "swiss"]
[EventRounds "9"]
[EventCountry "CUB"]
[Source "lmi"]
[SourceDate "2007.05.18"]

1. e4 g6 2. d4 Bg7 3. Nc3 d6 4. f4 a6 5. Nf3 b5 6. a4 b4 7. Na2 Bb7 8. Bd3 c5
9. Be3 Qc7 10. c4 Nf6 11. d5 O-O 12. Qe2 e6 13. Nd2 Re8 14. O-O exd5 15. cxd5
Nxd5 16. Nc4 Nxe3 17. Nxe3 Nd7 18. Qc2 Bd4 19. Rae1 Qb6 20. Qd2 c4 21. Bxc4
Rxe4 22. Rf3 Rae8 23. Kf2 Bxe3+ 24. Rfxe3 Rxc4 0-1

[Event "42. Torneo Capablanca In Memoriam-Open"]
[Site "La Habana CUB"]
[Date "2007.05.24"]
[Round "6.40"]
[White "Frometa Castillo, Zirka"]
[Black "Perez Rodriguez, Jennifer"]
[Result "1/2-1/2"]
[WhiteElo "2164"]
[BlackElo "2194"]
[PlyCount "106"]
[EventDate "2007.05.18"]
[EventType "swiss"]
[EventRounds "9"]
[EventCountry "CUB"]
[Source "lmi"]
[SourceDate "2007.05.18"]

1. d4 d5 2. Bf4 Nf6 3. e3 Bf5 4. c4 c6 5. Nc3 Qb6 6. Qd2 e6 7. c5 Qd8 8. Bd3
Bxd3 9. Qxd3 Nbd7 10. Nf3 Nh5 11. O-O Be7 12. b4 Nxf4 13. exf4 O-O 14. Ne5 f6
15. Nxd7 Qxd7 16. Rfe1 Rae8 17. Re3 Bd8 18. Rae1 Bc7 19. g3 Re7 20. b5 Rfe8 21.
a4 e5 22. fxe5 fxe5 23. dxe5 Bxe5 24. Ne2 Bf6 25. Nd4 Rxe3 26. Rxe3 Rxe3 27.
fxe3 Qe7 28. bxc6 bxc6 29. Nxc6 Qxc5 30. Nd4 g6 31. Kf2 Kf7 32. Ne2 Qc4 33. Qb1
Qc6 34. Qb3 Be5 35. Nf4 Bxf4 36. gxf4 Kf6 37. Qb2+ Kf7 38. Qd4 a6 39. Kg3 Qe6
40. a5 Qe4 41. Qa7+ Kg8 42. Qb8+ Kg7 43. Qc7+ Kg8 44. Kf2 Qd3 45. Qd8+ Kg7 46.
Qe7+ Kg8 47. Qe6+ Kg7 48. Qe5+ Kg8 49. Kg3 Qd2 50. Qe8+ Kg7 51. Qe7+ Kg8 52.
Qe8+ Kg7 53. Qe5+ Kg8 1/2-1/2

[Event "42. Torneo Capablanca In Memoriam-Open"]
[Site "La Habana CUB"]
[Date "2007.05.24"]
[Round "6.42"]
[White "Cardenas Ballester, Maidelin"]
[Black "Infante, Brian"]
[Result "1-0"]
[WhiteElo "2098"]
[BlackElo "2114"]
[PlyCount "55"]
[EventDate "2007.05.18"]
[EventType "swiss"]
[EventRounds "9"]
[EventCountry "CUB"]
[Source "lmi"]
[SourceDate "2007.05.18"]

1. e4 e5 2. Nc3 Nc6 3. f4 exf4 4. Nf3 g5 5. h4 g4 6. Ng5 h6 7. Nxf7 Kxf7 8.
Bc4+ d5 9. Bxd5+ Kg7 10. d4 Be7 11. O-O Bxh4 12. Bxf4 Nf6 13. Qd2 g3 14. Rae1
Bg4 15. Qe3 Qd7 16. Bxg3 Bxg3 17. Qxg3 Rhf8 18. Rf4 h5 19. Ref1 Nxd5 20. exd5
Rxf4 21. Qxf4 Nb4 22. Ne4 Qf5 23. Qxc7+ Qd7 24. Qe5+ Kg6 25. Rf6+ Kh7 26. Ng5+
Kg8 27. Rg6+ Kf8 28. Qf6+ 1-0

[Event "42. Torneo Capablanca In Memoriam-Open"]
[Site "La Habana CUB"]
[Date "2007.05.25"]
[Round "7.1"]
[White "Almeida Quintana, Omar"]
[Black "Pozo Vera, Sandro"]
[Result "1/2-1/2"]
[WhiteElo "2488"]
[BlackElo "2448"]
[PlyCount "51"]
[EventDate "2007.05.18"]
[EventType "swiss"]
[EventRounds "9"]
[EventCountry "CUB"]
[Source "lmi"]
[SourceDate "2007.05.18"]

1. d4 d5 2. c4 c6 3. Nf3 Nf6 4. Nc3 dxc4 5. a4 Bf5 6. Ne5 Nbd7 7. Nxc4 Nb6 8.
Ne5 a5 9. g3 e6 10. Bg2 Bb4 11. O-O O-O 12. e3 h6 13. Qe2 Bh7 14. Rd1 Nbd7 15.
Nxd7 Nxd7 16. e4 Qe7 17. Be3 Rfd8 18. d5 exd5 19. exd5 Bxc3 20. bxc3 cxd5 21.
Rxd5 Nf6 22. Rxd8+ Rxd8 23. Qb5 Be4 24. Bc5 Qc7 25. Qb6 Rc8 26. Qxc7 1/2-1/2

[Event "42. Torneo Capablanca In Memoriam-Open"]
[Site "La Habana CUB"]
[Date "2007.05.25"]
[Round "7.3"]
[White "Horvath, Csaba"]
[Black "Mateo, Ramon"]
[Result "1-0"]
[WhiteElo "2538"]
[BlackElo "2448"]
[PlyCount "63"]
[EventDate "2007.05.18"]
[EventType "swiss"]
[EventRounds "9"]
[EventCountry "CUB"]
[Source "lmi"]
[SourceDate "2007.05.18"]

1. d4 Nf6 2. c4 e6 3. Nf3 b6 4. g3 Ba6 5. Qb3 c5 6. d5 exd5 7. cxd5 c4 8. Qe3+
Qe7 9. Qd4 Qc5 10. Nc3 d6 11. Bg2 Nbd7 12. Bf4 Be7 13. O-O O-O 14. Qd2 Rfe8 15.
Nd4 Qc7 16. b4 Ng4 17. a4 h6 18. h3 Nge5 19. Nc6 Bf6 20. Ne4 Bb7 21. b5 a6 22.
Qb4 g5 23. Nxf6+ Nxf6 24. Bxe5 dxe5 25. d6 Qd7 26. Ne7+ Kg7 27. Bxb7 Qxb7 28.
Qxc4 Qe4 29. Rac1 axb5 30. axb5 Red8 31. Rfd1 Ra7 32. Qxe4 1-0